[Event "GBR-ch 91st"]
[Site "Scarborough"]
[Date "2004.08.04"]
[Round "3.23"]
[White "Rendle, Thomas"]
[Black "Briscoe, Christopher"]
[Result "1-0"]
[WhiteElo "2258"]
[BlackElo "2157"]
[PlyCount "75"]
[EventDate "2004.08.02"]
[EventType "swiss"]
[EventRounds "11"]
[EventCountry "GBR"]

1. e4 Nc6 2. Nf3 e5 3. Bb5 f5 4. Nc3 Nf6 5. exf5 e4 6. Nh4 d5 7. d3 Bb4 8. O-O
O-O 9. dxe4 Bxc3 10. exd5 Nd4 11. Bc4 b5 12. bxc3 Nxc2 13. Qxc2 bxc4 14. Ba3
Nxd5 15. Bxf8 Qxh4 16. Bc5 Nf4 17. f3 Bxf5 18. Qf2 Qg5 19. Kh1 Bd3 20. Rfe1 Ne2
21. Be3 Qe5 22. Rxe2 Bxe2 23. Qxe2 Qxc3 24. Rc1 Qd3 25. Qxd3 cxd3 26. Rd1 Rb8
27. Rxd3 Rb1+ 28. Bg1 Ra1 29. Ra3 c5 30. Rxa7 c4 31. Rc7 Rxa2 32. Rxc4 Kf7 33.
h4 Ra1 34. Kh2 h5 35. Rc7+ Kf8 36. Bc5+ Kg8 37. Rxg7+ Kxg7 38. Bd4+ 1-0

[Event "GBR-ch 91st"]
[Site "Scarborough"]
[Date "2004.08.04"]
[Round "3.24"]
[White "Almond, Philip"]
[Black "Rayner, Francis"]
[Result "0-1"]
[WhiteElo "2131"]
[BlackElo "2252"]
[PlyCount "118"]
[EventDate "2004.08.02"]
[EventType "swiss"]
[EventRounds "11"]
[EventCountry "GBR"]

1. c4 e5 2. g3 d6 3. Bg2 f5 4. Nc3 Nf6 5. d3 g6 6. e4 Nc6 7. Nge2 Bg7 8. O-O
O-O 9. exf5 Bxf5 10. d4 exd4 11. Nxd4 Nxd4 12. Qxd4 c6 13. Bg5 h6 14. Bxf6 Qxf6
15. Qxf6 Bxf6 16. Rad1 Bxc3 17. bxc3 Rad8 18. Rfe1 Kf7 19. Be4 Bc8 20. f3 Rfe8
21. Kf2 Kf6 22. Rd4 g5 23. Red1 Ke7 24. Bg6 Rf8 25. Re1+ Kf6 26. Bh5 Be6 27.
Rde4 Bf5 28. R4e3 d5 29. g4 Bc8 30. Re7 dxc4 31. Rh7 Rd3 32. Rxh6+ Kg7 33. Rg6+
Kh8 34. Re3 Rxe3 35. Kxe3 Rg8 36. Kd4 Rxg6 37. Bxg6 Kg7 38. Be4 Kf6 39. a3 Be6
40. Bc2 Bd5 41. Be4 Be6 42. a4 a5 43. Kc5 Ke5 44. Kb6 Bd5 45. Kxb7 Bxe4 46.
fxe4 Kxe4 47. Kb6 Kd3 48. Kxa5 Kxc3 49. Kb6 Kd3 50. a5 c3 51. a6 c2 52. a7 c1=Q
53. a8=Q Qb2+ 54. Kc7 Qxh2+ 55. Kd7 Qh7+ 56. Kd6 Qg6+ 57. Kc5 Ke3 58. Qf8 Qe4
59. Qf6 Qd5+ 0-1

[Event "GBR-ch 91st"]
[Site "Scarborough"]
[Date "2004.08.04"]
[Round "3.25"]
[White "Hutchinson, Paul A"]
[Black "Smith, Graham"]
[Result "1-0"]
[WhiteElo "2216"]
[BlackElo "2157"]
[PlyCount "77"]
[EventDate "2004.08.02"]
[EventType "swiss"]
[EventRounds "11"]
[EventCountry "GBR"]

1. d4 d6 2. e4 Nf6 3. Nc3 g6 4. Be3 c6 5. Qd2 b5 6. f3 a6 7. g4 h5 8. g5 Nfd7
9. f4 Nb6 10. b3 Bg7 11. Rd1 Bg4 12. Nce2 d5 13. h3 Be6 14. f5 gxf5 15. e5 N8d7
16. Nf4 Nf8 17. Be2 Ng6 18. Nxh5 Bf8 19. Nf4 Nxf4 20. Bxf4 Bg7 21. h4 Qc7 22.
h5 O-O-O 23. h6 Bf8 24. Rh3 Kb7 25. a4 Ra8 26. Ra1 Qd8 27. Nf3 Bd7 28. Kf2 e6
29. Rah1 c5 30. Be3 c4 31. a5 Nc8 32. Rb1 Qc7 33. bxc4 dxc4 34. d5 f4 35. Bxf4
Qc5+ 36. Be3 Qxd5 37. Nd4 c3 38. Qxc3 Qc5 39. Bf3+ 1-0

[Event "GBR-ch 91st"]
[Site "Scarborough"]
[Date "2004.08.04"]
[Round "3.26"]
[White "Westwood, Richard"]
[Black "Surtees, Michael"]
[Result "1-0"]
[WhiteElo "2030"]
[BlackElo "2239"]
[PlyCount "79"]
[EventDate "2004.08.02"]
[EventType "swiss"]
[EventRounds "11"]
[EventCountry "GBR"]

1. Nf3 f6 2. d4 d5 3. e3 Nh6 4. c4 c6 5. b3 e6 6. Bb2 Nd7 7. Nbd2 f5 8. Bd3 Be7
9. Qc2 g6 10. h3 Nf7 11. O-O-O Qa5 12. Kb1 Nf6 13. Ne1 Bd7 14. f3 O-O-O 15. c5
Qc7 16. f4 g5 17. g3 h5 18. Nef3 Rdg8 19. Rdg1 Ne4 20. Bxe4 fxe4 21. Ne5 Be8
22. Nf1 gxf4 23. gxf4 Nxe5 24. dxe5 Qa5 25. Bd4 Qe1+ 26. Kb2 Bh4 27. Ng3 Qxg3
28. Rxg3 Rxg3 29. Rh2 Rhg8 30. Ka3 Rf3 31. Rg2 Rgg3 32. Qe2 Bg6 33. Rxg3 Rxg3
34. f5 exf5 35. Qf2 Rxh3 36. Qf4 Bd8 37. e6 Bc7 38. Qh6 b6 39. Qxg6 Kb7 40. e7
1-0

[Event "GBR-ch 91st"]
[Site "Scarborough"]
[Date "2004.08.04"]
[Round "3.27"]
[White "Pym, Thomas"]
[Black "Lyell, Mark"]
[Result "0-1"]
[WhiteElo "2059"]
[BlackElo "2217"]
[PlyCount "118"]
[EventDate "2004.08.02"]
[EventType "swiss"]
[EventRounds "11"]
[EventCountry "GBR"]

1. e4 e5 2. Nf3 Nc6 3. Bb5 f5 4. Nc3 fxe4 5. Nxe4 d5 6. Nxe5 dxe4 7. Nxc6 Qd5
8. c4 Qd6 9. Qh5+ g6 10. Qe5+ Qxe5 11. Nxe5+ c6 12. Ba4 Bg7 13. d4 exd3 14.
Nxd3 Bf5 15. Bc2 O-O-O 16. Nb4 Re8+ 17. Kf1 Be6 18. Bb3 Nf6 19. Be3 a5 20. Nc2
a4 21. Bxa4 Bxc4+ 22. Kg1 Nd5 23. Bd4 Bxd4 24. Nxd4 Re4 25. Nf3 Be2 26. Bb3
Rhe8 27. Ng5 R4e7 28. h4 h6 29. Nh3 Re4 30. Bc2 R4e6 31. Re1 Nb4 32. Bb3 Bc4
33. Rxe6 Bxe6 34. Nf4 Bxb3 35. axb3 g5 36. hxg5 hxg5 37. Nh3 g4 38. Nf4 Re4 39.
Rh8+ Kc7 40. g3 Nd5 41. Rf8 Kd6 42. Kg2 Kc5 43. Nxd5 cxd5 44. Rc8+ Kd4 45. Rb8
Kd3 46. Rxb7 Ke2 47. Rc7 d4 48. Rc4 Kd3 49. Kf1 Re8 50. Rc1 Kd2 51. Rc4 d3 52.
Rxg4 Kc2 53. Rc4+ Kxb2 54. Rd4 Kc3 55. Rd7 d2 56. f4 Re1+ 57. Kf2 d1=Q 58. Rxd1
Rxd1 59. Kf3 Kd4 0-1

[Event "GBR-ch 91st"]
[Site "Scarborough"]
[Date "2004.08.04"]
[Round "3.28"]
[White "Nixon, Thomas"]
[Black "Hempson, Peter"]
[Result "1/2-1/2"]
[WhiteElo "2198"]
[BlackElo "2172"]
[PlyCount "85"]
[EventDate "2004.08.02"]
[EventType "swiss"]
[EventRounds "11"]
[EventCountry "GBR"]

1. d4 d5 2. Nf3 Nf6 3. g3 g6 4. Bg2 Bg7 5. c4 c6 6. O-O O-O 7. Qb3 dxc4 8. Qxc4
Nbd7 9. Nc3 Nb6 10. Qd3 Be6 11. Rd1 Bc4 12. Qc2 Qc8 13. e4 Be6 14. Ng5 Bg4 15.
f3 Bd7 16. f4 h6 17. Nf3 Bh3 18. Nh4 Bxg2 19. Kxg2 Qd7 20. Be3 Rad8 21. Bg1 e6
22. Rac1 Qe7 23. Qb3 Rd7 24. a4 Nc8 25. Nf3 Nh7 26. a5 a6 27. Na4 Rfd8 28. Nc5
Rc7 29. e5 Rd5 30. Be3 Na7 31. Bd2 Nb5 32. Bb4 Qe8 33. Na4 Bf8 34. Bc5 Bxc5 35.
Nxc5 Nf8 36. Qe3 Kg7 37. g4 Qe7 38. b4 f5 39. exf6+ Qxf6 40. g5 Qf5 41. gxh6+
Kxh6 42. Kg3 Nd6 43. Ng5 1/2-1/2

[Event "GBR-ch 91st"]
[Site "Scarborough"]
[Date "2004.08.04"]
[Round "3.29"]
[White "Ledger, David J"]
[Black "Kafka, Graeme"]
[Result "1/2-1/2"]
[WhiteElo "2285"]
[BlackElo "2143"]
[PlyCount "94"]
[EventDate "2004.08.02"]
[EventType "swiss"]
[EventRounds "11"]
[EventCountry "GBR"]

1. e4 c5 2. Nc3 Nc6 3. g3 g6 4. d3 Bg7 5. Be3 d6 6. Qd2 Rb8 7. Bg2 b5 8. Nge2
b4 9. Nd1 Bg4 10. f3 Bd7 11. O-O Nd4 12. Nc1 Ba4 13. Nb3 Qc7 14. Kh1 e6 15. Qf2
Qb6 16. Rc1 Ne7 17. Qd2 O-O 18. Bh6 Rfc8 19. Bxg7 Kxg7 20. Ne3 Bd7 21. Nc4 Qc7
22. Nxd4 cxd4 23. Qf4 d5 24. Nd6 f6 25. e5 Nf5 26. Nxc8 fxe5 27. Qd2 Bxc8 28.
c3 bxc3 29. bxc3 Qa5 30. Qe1 Ne3 31. cxd4 Qxe1 32. Rfxe1 exd4 33. Rb1 Rxb1 34.
Rxb1 a5 35. Rb6 e5 36. g4 Kf7 37. Kg1 Bd7 38. Rb7 Ke6 39. h4 Kd6 40. Bf1 Nd1
41. Be2 Nc3 42. Rb2 Bb5 43. Kf1 e4 44. Ke1 Ke5 45. Bf1 exf3 46. a4 Bxa4 47. Rb7
Kf4 1/2-1/2

[Event "GBR-ch 91st"]
[Site "Scarborough"]
[Date "2004.08.04"]
[Round "3.30"]
[White "Bigg, Andrew J"]
[Black "Clarke, Thomas"]
[Result "1-0"]
[WhiteElo "2275"]
[BlackElo "2132"]
[PlyCount "77"]
[EventDate "2004.08.02"]
[EventType "swiss"]
[EventRounds "11"]
[EventCountry "GBR"]

1. d4 d6 2. e4 f5 3. Nc3 Nf6 4. Bd3 Nc6 5. exf5 Nxd4 6. g4 e5 7. g5 Ng8 8. Qh5+
Kd7 9. Be3 c6 10. O-O-O Kc7 11. Bxd4 exd4 12. Nce2 c5 13. Nf4 Ne7 14. Qf7 Kb8
15. Nf3 Nc6 16. h4 Ne5 17. Qd5 Ng4 18. Rd2 Bd7 19. Ne6 Qc8 20. Qe4 h5 21. Bc4
Bc6 22. Bd5 Bxd5 23. Qxd5 Qc6 24. Qxc6 bxc6 25. c3 dxc3 26. bxc3 d5 27. Re1 Bd6
28. Rb2+ Kc8 29. Nxg7 c4 30. Rbe2 Kd7 31. f6 Rab8 32. Re7+ Bxe7 33. Rxe7+ Kd6
34. Nd4 Nxf2 35. Ngf5+ Kc5 36. Ne6+ Kb6 37. f7 Nd3+ 38. Kd2 Ka6 39. Re8 1-0

[Event "GBR-ch 91st"]
[Site "Scarborough"]
[Date "2004.08.04"]
[Round "3.31"]
[White "Gregory, Stephen J"]
[Black "Bryant, Richard"]
[Result "1-0"]
[WhiteElo "2180"]
[BlackElo "1872"]
[PlyCount "77"]
[EventDate "2004.08.02"]
[EventType "swiss"]
[EventRounds "11"]
[EventCountry "GBR"]

1. e4 c5 2. Nf3 Nc6 3. d3 g6 4. g3 Bg7 5. Bg2 d6 6. O-O e5 7. c3 Nge7 8. a3 O-O
9. b4 h6 10. Nbd2 g5 11. Nb3 cxb4 12. axb4 Ng6 13. b5 Nce7 14. Ba3 Qc7 15. Bb4
Bd7 16. c4 b6 17. Qc1 Rad8 18. Nfd2 Bg4 19. f3 Be6 20. Nb1 Kh8 21. N3d2 h5 22.
Nc3 Nc8 23. Nd5 Qd7 24. Ne3 Bh6 25. Rf2 g4 26. Ndf1 f5 27. exf5 Bxf5 28. Qd1
Be6 29. Raa2 Nge7 30. d4 exd4 31. Qxd4+ Bg7 32. Qd3 Rf7 33. fxg4 Rxf2 34. Rxf2
hxg4 35. Bc3 Qe8 36. Bxg7+ Kxg7 37. Qd4+ Kg8 38. Rf6 Ng6 39. Rxe6 1-0

[Event "GBR-ch 91st"]
[Site "Scarborough"]
[Date "2004.08.05"]
[Round "4.3"]
[White "Wells, Peter"]
[Black "Gormally, Daniel W"]
[Result "1/2-1/2"]
[WhiteElo "2494"]
[BlackElo "2479"]
[PlyCount "33"]
[EventDate "2004.08.02"]
[EventType "swiss"]
[EventRounds "11"]
[EventCountry "GBR"]

1. e4 c6 2. d4 d5 3. Nd2 dxe4 4. Nxe4 Bf5 5. Nc5 Qb6 6. g4 Bc8 7. Qe2 Qd8 8.
Be3 Nf6 9. h3 e6 10. Bg2 b6 11. Nd3 Ba6 12. Nf3 Nbd7 13. O-O Nd5 14. Bd2 Bd6
15. b3 Bxd3 16. Qxd3 O-O 17. c4 1/2-1/2

[Event "GBR-ch 91st"]
[Site "Scarborough"]
[Date "2004.08.05"]
[Round "4.4"]
[White "Palliser, Richard"]
[Black "Summerscale, Aaron"]
[Result "1/2-1/2"]
[WhiteElo "2411"]
[BlackElo "2493"]
[PlyCount "81"]
[EventDate "2004.08.02"]
[EventType "swiss"]
[EventRounds "11"]
[EventCountry "GBR"]

1. d4 e6 2. c4 f5 3. g3 Nf6 4. Bg2 Be7 5. Nf3 O-O 6. O-O Ne4 7. d5 Bf6 8. Nfd2
Nxd2 9. Qxd2 Na6 10. Nc3 e5 11. d6 c6 12. b4 Qb6 13. b5 Nc5 14. Qc2 Ne6 15. Na4
Qd4 16. Ba3 Qg4 17. e3 e4 18. f3 exf3 19. Bxf3 Qg5 20. Rae1 Rb8 21. Bb2 cxb5
22. cxb5 b6 23. Bxf6 Qxf6 24. Qc3 Bb7 25. Qxf6 Rxf6 26. Bxb7 Rxb7 27. Nc3 Nc5 {
(=)} 28. Nd5 Rxd6 29. Ne7+ Kh8 30. Rxf5 Rb8 31. Ref1 h6 32. Rf8+ Rxf8 33. Rxf8+
Kh7 34. Nc8 Rd1+ 35. Rf1 Rd3 36. Nxa7 Rxe3 37. Nc8 Re6 38. Ra1 Na4 39. Rd1 Nc3
40. Rxd7 Nxb5 41. Rb7 1/2-1/2

[Event "GBR-ch 91st"]
[Site "Scarborough"]
[Date "2004.08.05"]
[Round "4.6"]
[White "Hebden, Mark"]
[Black "Muir, Andrew J"]
[Result "1-0"]
[WhiteElo "2559"]
[BlackElo "2328"]
[PlyCount "65"]
[EventDate "2004.08.02"]
[EventType "swiss"]
[EventRounds "11"]
[EventCountry "GBR"]

1. d4 d5 2. Nf3 Nf6 3. c4 e6 4. Nc3 c6 5. Bg5 dxc4 6. e4 b5 7. e5 h6 8. Bh4 g5
9. Nxg5 hxg5 10. Bxg5 Nbd7 11. g3 Rg8 12. h4 Rxg5 13. hxg5 Nd5 14. g6 fxg6 15.
Qg4 Qe7 16. Bg2 Qf7 17. Be4 Ne7 18. Nxb5 cxb5 19. Bxa8 Nb6 20. Be4 Bd7 21. Rh8
Bc6 22. f3 Bd5 23. O-O-O Nf5 24. Rdh1 Kd7 25. R1h7 Bg7 26. Bxf5 exf5 27. Qh4
Kc6 28. Qd8 c3 29. Qd6+ Kb7 30. bxc3 Bxa2 31. Rf8 Qb3 32. Rxg7+ Ka6 33. Qb4 1-0

[Event "GBR-ch 91st"]
[Site "Scarborough"]
[Date "2004.08.05"]
[Round "4.7"]
[White "Motwani, Paul"]
[Black "Mannion, Stephen"]
[Result "1-0"]
[WhiteElo "2552"]
[BlackElo "2333"]
[PlyCount "71"]
[EventDate "2004.08.02"]
[EventType "swiss"]
[EventRounds "11"]
[EventCountry "GBR"]

1. c4 Nf6 2. Nc3 c5 3. g3 e6 4. Nf3 b6 5. Bg2 Bb7 6. O-O Be7 7. d4 cxd4 8. Qxd4
d6 9. Rd1 a6 10. b3 Nbd7 11. Ng5 Bxg2 12. Kxg2 O-O 13. Nge4 Ne8 14. Ba3 Nc5 15.
Rd2 Qc7 16. Rad1 Rc8 17. Qe3 Qc6 18. f3 h6 19. h4 Qc7 20. Bxc5 bxc5 21. Kh3 Kh8
22. g4 f5 23. gxf5 Rxf5 24. Ng3 Rf6 25. Nh5 Rf5 26. Nf4 Qd7 27. Kg2 Bf6 28. Na4
Qf7 29. Qxe6 Qxe6 30. Nxe6 Bxh4 31. Nb6 Rb8 32. Nd5 Rf7 33. e4 a5 34. e5 dxe5
35. Nxc5 Nc7 36. Nxc7 1-0

[Event "GBR-ch 91st"]
[Site "Scarborough"]
[Date "2004.08.05"]
[Round "4.9"]
[White "Arakhamia-Grant, Ketevan"]
[Black "Sherwin, James"]
[Result "1-0"]
[WhiteElo "2446"]
[BlackElo "2303"]
[PlyCount "91"]
[EventDate "2004.08.02"]
[EventType "swiss"]
[EventRounds "11"]
[EventCountry "GBR"]

1. e4 e6 2. d4 d5 3. Nc3 Nf6 4. Bg5 Bb4 5. e5 h6 6. Bd2 Bxc3 7. bxc3 Ne4 8. Qg4
g6 9. h4 c5 10. Bd3 Nxd2 11. Kxd2 Bd7 12. Nf3 Qe7 13. Rhb1 Bc6 14. dxc5 Nd7 15.
Ke2 Nxc5 16. Nd4 Rc8 17. Kf1 Bd7 18. Kg1 Rc7 19. a4 Kf8 20. a5 Rg8 21. Rb4 a6
22. Ne2 Ke8 23. Rf4 h5 24. Qg3 Bc6 25. Nd4 Kd8 26. Nf3 Kc8 27. Ng5 Rg7 28. Qe3
Be8 29. Be2 Kb8 30. c4 dxc4 31. Rxc4 Bb5 32. Rd4 Bxe2 33. Qxe2 Rg8 34. Rad1 f6
35. exf6 Qxf6 36. Rd6 Re8 37. Qe3 Qf5 38. c4 Rcc8 39. Nf3 Ka8 40. R6d4 Rf8 41.
Ne5 Qc2 42. Rc1 Qf5 43. g3 Nb3 44. Rf4 Nxc1 45. Rxf5 Rxf5 46. Nd7 1-0

[Event "GBR-ch 91st"]
[Site "Scarborough"]
[Date "2004.08.05"]
[Round "4.10"]
[White "Adams, David M"]
[Black "Dearing, Eddie"]
[Result "0-1"]
[WhiteElo "2180"]
[BlackElo "2393"]
[PlyCount "132"]
[EventDate "2004.08.02"]
[EventType "swiss"]
[EventRounds "11"]
[EventCountry "GBR"]

1. e4 g6 2. d4 Bg7 3. Nc3 d6 4. g3 Nf6 5. Bg2 O-O 6. Nge2 Nbd7 7. h3 Rb8 8. f4
c5 9. Be3 b6 10. O-O cxd4 11. Nxd4 Bb7 12. Qe2 Nc5 13. Bf2 Ba6 14. Ndb5 Qd7 15.
a4 Ne8 16. e5 Nc7 17. b3 dxe5 18. Rad1 Qe6 19. Nxc7 Bxe2 20. Nxe6 Bxf1 21. Nxf8
Bxg2 22. Kxg2 Kxf8 23. Bxc5 bxc5 24. Ne4 exf4 25. Nxc5 Rc8 26. gxf4 Bh6 27. b4
Bxf4 28. c3 Bd6 29. Ne4 Be5 30. Nc5 Ke8 31. Rd3 f5 32. a5 Bd6 33. Nb3 Rb8 34.
Nd4 Kd7 35. Nc2 Kc6 36. Nd4+ Kd7 37. Nc2 Kc6 38. Nd4+ Kd5 39. Ne2+ Kc4 40. Rd4+
Kb3 41. Kf3 a6 42. Ke3 Be5 43. Rd7 Rc8 44. Rxe7 Bxc3 45. Re6 Bxb4 46. Rxa6 Ka4
47. Kf3 Bxa5 48. Nd4 Rc3+ 49. Kf4 Rxh3 50. Nxf5 gxf5 51. Kxf5 Kb5 52. Kg4 Rh1
53. Rf6 Bc3 54. Rf5+ Kc4 55. Rh5 Rg1+ 56. Kf3 Rg7 57. Ke4 Re7+ 58. Kf3 Kd3 59.
Rd5+ Bd4 60. Rf5 Re1 61. Rh5 Rf1+ 62. Kg2 Rf7 63. Ra5 Ke4 64. Ra3 Rg7+ 65. Rg3
Rg6 66. Kh3 Be3 0-1

[Event "GBR-ch 91st"]
[Site "Scarborough"]
[Date "2004.08.05"]
[Round "4.12"]
[White "Gordon, Stephen"]
[Black "Sisask, Jesper"]
[Result "1-0"]
[WhiteElo "2338"]
[BlackElo "2057"]
[PlyCount "65"]
[EventDate "2004.08.02"]
[EventType "swiss"]
[EventRounds "11"]
[EventCountry "GBR"]

1. c4 e5 2. Nc3 Nf6 3. Nf3 Nc6 4. a3 e4 5. Ng5 Qe7 6. d3 exd3 7. Qxd3 Ne5 8.
Qg3 h6 9. Nh3 Nh5 10. Qe3 Nxc4 11. Qf3 Nf6 12. e4 Nd6 13. Bd3 b6 14. O-O Bb7
15. Re1 O-O-O 16. Qe2 Nde8 17. e5 Nd5 18. Nxd5 Bxd5 19. Ba6+ Kb8 20. Nf4 Bc6
21. Bd2 g6 22. Rac1 Ng7 23. Bb4 Qg5 24. Rxc6 Qxf4 25. g3 Qg5 26. Rxc7 Kxc7 27.
Qc4+ Bc5 28. Bxc5 d5 29. Bd6+ Kd7 30. Qxd5 Ke8 31. Bb5+ Rd7 32. Bxd7+ Kxd7 33.
Qxf7+ 1-0

[Event "GBR-ch 91st"]
[Site "Scarborough"]
[Date "2004.08.05"]
[Round "4.13"]
[White "Rendle, Thomas"]
[Black "Emms, John"]
[Result "1/2-1/2"]
[WhiteElo "2258"]
[BlackElo "2508"]
[PlyCount "99"]
[EventDate "2004.08.02"]
[EventType "swiss"]
[EventRounds "11"]
[EventCountry "GBR"]

1. f4 c5 2. Nf3 g6 3. g3 Bg7 4. d3 Nc6 5. Bg2 Nf6 6. O-O O-O 7. e4 d6 8. Nc3
Rb8 9. h3 b5 10. Ne2 b4 11. g4 a5 12. Rb1 c4 13. Be3 cxd3 14. cxd3 Ba6 15. Qd2
b3 16. a3 Nd7 17. Ned4 Nxd4 18. Nxd4 Rb6 19. Rfd1 Nc5 20. Qxa5 Bxd3 21. Rbc1
Qb8 22. e5 Ra6 23. Qe1 Be4 24. Bxe4 Nxe4 25. Nc6 Qe8 26. Nb4 Ra8 27. Bd4 dxe5
28. fxe5 Ng5 29. Qe3 Ne6 30. Nd5 Qb5 31. Nxe7+ Kh8 32. Bc3 Rad8 33. Rd6 Qb7 34.
Nc6 Rc8 35. Nd4 Nxd4 36. Rxd4 Rfe8 37. Re4 Re6 38. Re1 Rce8 39. Qf4 Kg8 40. g5
Qd5 41. h4 Rc6 42. Qd2 Qe6 43. Qd3 Rec8 44. a4 Bf8 45. a5 Be7 46. Ra4 Rd8 47.
Qf3 Rdc8 48. Qd3 Rd8 49. Qf3 Rdc8 50. Qd3 1/2-1/2

[Event "GBR-ch 91st"]
[Site "Scarborough"]
[Date "2004.08.05"]
[Round "4.14"]
[White "Rayner, Francis"]
[Black "Gwaze, Robert"]
[Result "0-1"]
[WhiteElo "2252"]
[BlackElo "2376"]
[PlyCount "84"]
[EventDate "2004.08.02"]
[EventType "swiss"]
[EventRounds "11"]
[EventCountry "GBR"]

1. d4 Nf6 2. c4 e6 3. Nc3 Bb4 4. Qc2 O-O 5. a3 Bxc3+ 6. Qxc3 Ne4 7. Qc2 f5 8.
g3 b6 9. Bg2 Bb7 10. Nf3 c5 11. dxc5 bxc5 12. Ng5 Nd6 13. Bxb7 Nxb7 14. O-O Nc6
15. Rd1 Qe7 16. Qd3 a5 17. Bf4 d6 18. Nf3 Qf7 19. Ng5 Qe8 20. Qf3 e5 21. Qd5+
Kh8 22. Bd2 h6 23. Nf3 Rb8 24. Bc3 Rf6 25. e3 a4 26. Nh4 Ne7 27. Qd2 Rf8 28. f4
e4 29. Qe2 Qc8 30. Rd2 Kh7 31. Rad1 Qe6 32. Kh1 Rbd8 33. Rg1 d5 34. cxd5 Rxd5
35. Rxd5 Nxd5 36. Be5 Rf7 37. h3 Na5 38. Rd1 Nb3 39. Qc4 Nxf4 40. Qxa4 Nd3 41.
Kg2 Nxe5 42. Rd8 Rd7 0-1

[Event "GBR-ch 91st"]
[Site "Scarborough"]
[Date "2004.08.05"]
[Round "4.15"]
[White "Houska, Jovanka"]
[Black "Hutchinson, Paul A"]
[Result "1-0"]
[WhiteElo "2375"]
[BlackElo "2216"]
[PlyCount "155"]
[EventDate "2004.08.02"]
[EventType "swiss"]
[EventRounds "11"]
[EventCountry "GBR"]

1. e4 e5 2. Nf3 Nf6 3. Nxe5 d6 4. Nf3 Nxe4 5. d4 d5 6. Bd3 Nc6 7. O-O Be7 8. c4
Nb4 9. Be2 O-O 10. Nc3 Bf5 11. a3 Nxc3 12. bxc3 Nc6 13. Bb2 Bf6 14. Qd2 Na5 15.
Qf4 Be6 16. cxd5 Bxd5 17. Ne5 Qd6 18. Qg3 Bxe5 19. dxe5 Qc6 20. Rad1 Nc4 21.
Bc1 Rae8 22. f4 f6 23. Kh1 fxe5 24. fxe5 Rxf1+ 25. Bxf1 Nxe5 26. Bf4 Nf7 27.
Bxc7 Bc4 28. Qf4 Bxf1 29. Rxf1 Qd7 30. Bb8 b6 31. h3 Rc8 32. Qg3 h6 33. Bf4 Qc6
34. Bd2 Qc5 35. a4 Qc6 36. Qf2 Nd6 37. Bxh6 gxh6 38. Qg3+ Kh7 39. Rf6 Rg8 40.
Rxd6 Rxg3 41. Rxc6 Rg7 42. Kg1 Rf7 43. g3 h5 44. Kg2 Kg7 45. c4 Kh7 46. a5 bxa5
47. Rc5 Kg6 48. Rxa5 Rc7 49. Ra6+ Kf5 50. h4 Rh7 51. Kf3 Ke5 52. Ke3 Rg7 53.
Ra5+ Kf6 54. Kf4 Rg4+ 55. Kf3 Kg6 56. Ra6+ Kf5 57. Rh6 Rxc4 58. Rxh5+ Kf6 59.
Ra5 Rc7 60. Kg4 Rg7+ 61. Kf4 Rb7 62. Ra6+ Kg7 63. h5 Rb4+ 64. Kg5 Rb5+ 65. Kh4
Rb7 66. g4 Rc7 67. h6+ Kh7 68. Kh5 Rb7 69. g5 Rb5 70. Rxa7+ Kh8 71. Re7 Ra5 72.
Kg6 Ra6+ 73. Kf5 Ra8 74. g6 Rb8 75. Re5 Rf8+ 76. Kg5 Ra8 77. h7 Rf8 78. Kh6 1-0

[Event "GBR-ch 91st"]
[Site "Scarborough"]
[Date "2004.08.05"]
[Round "4.16"]
[White "Lyell, Mark"]
[Black "Howell, David W"]
[Result "1-0"]
[WhiteElo "2217"]
[BlackElo "2334"]
[PlyCount "89"]
[EventDate "2004.08.02"]
[EventType "swiss"]
[EventRounds "11"]
[EventCountry "GBR"]

1. e4 e5 2. Nc3 Nf6 3. f4 d5 4. fxe5 Nxe4 5. d3 Nxc3 6. bxc3 d4 7. Nf3 dxc3 8.
d4 Qd5 9. Be3 h6 10. Bd3 Be6 11. O-O Nc6 12. a3 O-O-O 13. Qe1 Qa5 14. Qf2 Ne7
15. Rfb1 c6 16. Be4 Nd5 17. Kh1 Be7 18. Ne1 Qa4 19. Bxd5 Bxd5 20. Nd3 g5 21.
Nb4 Qa5 22. Nxd5 Qxd5 23. Rb3 Rhf8 24. Rab1 Rd7 25. Qf5 Kb8 26. Rxc3 f6 27. Qh3
f5 28. Qxh6 f4 29. Bf2 Ka8 30. Qh3 Rdd8 31. Rcb3 b6 32. Qf3 Qe6 33. h3 Rh8 34.
Kg1 Rh6 35. Rc3 Kb7 36. Rd1 Rg6 37. Kf1 Rd5 38. Rcd3 b5 39. a4 a6 40. axb5 axb5
41. Rb3 Kc7 42. Ra1 Rd7 43. Qc3 Kb8 44. Rxb5+ cxb5 45. Ra8+ 1-0

[Event "GBR-ch 91st"]
[Site "Scarborough"]
[Date "2004.08.05"]
[Round "4.17"]
[White "Hutchinson, Norman A"]
[Black "Taylor, Martin R"]
[Result "1/2-1/2"]
[WhiteElo "2176"]
[BlackElo "2331"]
[PlyCount "92"]
[EventDate "2004.08.02"]
[EventType "swiss"]
[EventRounds "11"]
[EventCountry "GBR"]

1. e4 e5 2. Nf3 Nc6 3. Bb5 a6 4. Ba4 Nf6 5. O-O b5 6. Bb3 Be7 7. a4 b4 8. d3 d6
9. a5 O-O 10. Nbd2 Rb8 11. h3 Be6 12. Bc4 Bxc4 13. Nxc4 Nd7 14. d4 exd4 15.
Nxd4 Nxd4 16. Qxd4 Bf6 17. Qd1 Rb5 18. Be3 Re8 19. Qd3 Qa8 20. f3 d5 21. exd5
Ne5 22. Nxe5 Rxe5 23. c4 bxc3 24. Qxc3 Rbxd5 25. Bd4 Re3 26. Bxf6 Rxc3 27. Bxc3
f6 28. Rad1 Kf7 29. Rxd5 Qxd5 30. Re1 g5 31. Kh1 Kg6 32. Re4 c5 33. Kg1 h5 34.
Re1 Qd7 35. Kh1 Kf7 36. Kh2 Qd6+ 37. Kh1 Qg3 38. Kg1 g4 39. fxg4 hxg4 40. hxg4
Qxg4 41. Rf1 f5 42. Re1 Qc4 43. Kh1 Kg6 44. Kg1 Kh5 45. Rf1 Kg4 46. Rf3 Qe2
1/2-1/2

[Event "GBR-ch 91st"]
[Site "Scarborough"]
[Date "2004.08.05"]
[Round "4.18"]
[White "Greet, Andrew"]
[Black "Walton, Alan J"]
[Result "1-0"]
[WhiteElo "2310"]
[BlackElo "2208"]
[PlyCount "81"]
[EventDate "2004.08.02"]
[EventType "swiss"]
[EventRounds "11"]
[EventCountry "GBR"]

1. e4 e6 2. d3 d5 3. Nd2 Nf6 4. Ngf3 Nc6 5. c3 a5 6. e5 Nd7 7. d4 f6 8. Bb5 Be7
9. exf6 Bxf6 10. O-O O-O 11. Re1 Re8 12. Nf1 Nf8 13. Bf4 Ng6 14. Bg3 Bd7 15.
Ne3 Nce7 16. Bd3 b6 17. Ng4 c5 18. Qd2 Nf5 19. Nxf6+ Qxf6 20. Ne5 Bc8 21. Bb5
Re7 22. Bc6 Raa7 23. Ng4 Qf8 24. Ba4 Ba6 25. Bc2 Nxg3 26. hxg3 Qf7 27. Re3 Nf8
28. Rf3 Qe8 29. Qg5 Kh8 30. Ne5 h6 31. Rxf8+ Qxf8 32. Qg6 Qg8 33. Re1 Bb5 34.
g4 Be8 35. g5 Rec7 36. Qd3 g6 37. gxh6 Rh7 38. Ng4 c4 39. Qe3 Rhf7 40. Qe5+ Kh7
41. Qxe6 1-0

[Event "GBR-ch 91st"]
[Site "Scarborough"]
[Date "2004.08.05"]
[Round "4.19"]
[White "Rudd, Jack"]
[Black "Westwood, Richard"]
[Result "0-1"]
[WhiteElo "2281"]
[BlackElo "2030"]
[PlyCount "120"]
[EventDate "2004.08.02"]
[EventType "swiss"]
[EventRounds "11"]
[EventCountry "GBR"]

1. e4 c6 2. d3 d5 3. Nd2 Nf6 4. e5 Nfd7 5. d4 e6 6. f4 c5 7. c3 Nc6 8. Ndf3 Qb6
9. a3 a5 10. b3 cxd4 11. cxd4 Rb8 12. Be3 Qc7 13. Bd3 Qb6 14. Nh3 Bxa3 15. O-O
Be7 16. Qe2 Nb4 17. Bb1 Nf8 18. g4 Bd7 19. Qg2 Rc8 20. f5 Rc3 21. Bf2 Bb5 22.
Rd1 Be2 23. Be1 Bxf3 24. Bxc3 Bxg2 25. Kxg2 Nc6 26. Bc2 Bb4 27. Bb2 h5 28. g5
exf5 29. Nf4 Qd8 30. h4 Ne6 31. Ne2 g6 32. Bd3 O-O 33. Bb5 Qb6 34. Ba4 Qa6 35.
Nc3 Bxc3 36. Bxc3 b5 37. b4 bxa4 38. bxa5 Nxa5 39. Bb4 Qe2+ 40. Kg3 f4+ 41. Kh3
Qg4+ 42. Kh2 Qxh4+ 43. Kg2 Qxg5+ 44. Kf3 Qg3+ 45. Ke2 Qe3+ 46. Kf1 Nxd4 47. Ra2
Nc4 48. Rf2 Nxe5 49. Bd2 Qh3+ 50. Ke1 Nef3+ 51. Rxf3 Nxf3+ 52. Ke2 Re8+ 53. Kd3
Nxd2+ 54. Kd4 Qe3+ 55. Kxd5 Rd8+ 56. Kc6 Qc3+ 57. Kb7 Rd7+ 58. Kb6 Rc7 59. Kb5
Rc5+ 60. Kxa4 Qb3# 0-1

[Event "GBR-ch 91st"]
[Site "Scarborough"]
[Date "2004.08.05"]
[Round "4.20"]
[White "Snape, Ian"]
[Black "Haslinger, Stewart"]
[Result "1/2-1/2"]
[WhiteElo "2228"]
[BlackElo "2408"]
[PlyCount "60"]
[EventDate "2004.08.02"]
[EventType "swiss"]
[EventRounds "11"]
[EventCountry "GBR"]

1. c4 Nf6 2. Nf3 e6 3. g3 d5 4. Bg2 dxc4 5. Qc2 Nbd7 6. Qxc4 a6 7. Qc2 c5 8.
Nc3 Bd6 9. O-O O-O 10. d4 Qc7 11. dxc5 Bxc5 12. Ng5 Rb8 13. Qd3 h6 14. Nge4 b5
15. Bf4 e5 16. Be3 Bxe3 17. Qxe3 b4 18. Nxf6+ Nxf6 19. Nd5 Nxd5 20. Bxd5 Bh3
21. Rac1 Qe7 22. Rfd1 Rfd8 23. Bg2 Bxg2 24. Kxg2 Qe6 25. Rxd8+ Rxd8 26. Rc5 Rd5
27. Qc1 Rxc5 28. Qxc5 Qxa2 29. Qxb4 Qd5+ 30. e4 Qe6 1/2-1/2